Alphabetical Pokemon - Generation IV - Statistics

General Stats
  • This quiz has been taken 90 times
  • The average score is 84 of 107
Answer Stats
Type Pokemon % Correct
Grass/Ice Abomasnow
100%
Psychic Azelf
94%
Rock/Steel Bastiodon
94%
Steel/Psychic Bronzong
94%
Steel/Psychic Bronzor
94%
Normal Ambipom
88%
Normal/Water Bibarel
88%
Normal Bidoof
88%
Grass/Poison Budew
88%
Normal Buneary
88%
Fire Chimchar
88%
Normal Arceus
82%
Water Buizel
82%
Bug Burmy
82%
Normal/Flying Chatot
82%
Grass Cherrim
82%
Grass Cherubi
82%
Psychic Cresselia
82%
Dark Darkrai
82%
Steel/Dragon Dialga
82%
Ghost/Flying Drifblim
82%
Ghost/Flying Drifloon
82%
Electric Electivire
82%
Water/Steel Empoleon
82%
Dragon/Ground Gabite
82%
Dragon/Ground Garchomp
82%
Water/Ground Gastrodon
82%
Dragon/Ground Gible
82%
Ghost/Dragon Giratina
82%
Ice Glaceon
82%
Grass Grotle
82%
Fire/Steel Heatran
82%
Fire/Fighting Infernape
82%
Grass Leafeon
82%
Fighting/Steel Lucario
82%
Electric Luxio
82%
Electric Luxray
82%
Fire Magmortar
82%
Psychic Mesprit
82%
Fire/Fighting Monferno
82%
Water/Dragon Palkia
82%
Electric/Ghost Rotom
82%
Grass/Ice Snover
82%
Normal/Flying Staraptor
82%
Normal/Flying Staravia
82%
Normal/Flying Starly
82%
Grass/Ground Torterra
82%
Grass Carnivine
76%
Bug/Flying Combee
76%
Rock Cranidos
76%
Poison/Fighting Croagunk
76%
Poison/Dark Drapion
76%
Water Finneon
76%
Ice/Ghost Froslass
76%
Psychic/Fighting Gallade
76%
Ground/Flying Gliscor
76%
Ground Hippopotas
76%
Ground Hippowdon
76%
Dark/Flying Honchkrow
76%
Bug Kricketot
76%
Bug Kricketune
76%
Normal Lickilicky
76%
Normal Lopunny
76%
Water Lumineon
76%
Electric/Steel Magnezone
76%
Ice/Ground Mamoswine
76%
Water/Flying Mantyke
76%
Ghost Mismagius
76%
Bug/Flying Mothim
76%
Normal Munchlax
76%
Water Piplup
76%
Water Prinplup
76%
Normal Purugly
76%
Rock Rampardos
76%
Ground/Rock Rhyperior
76%
Grass/Poison Roserade
76%
Rock/Steel Shieldon
76%
Electric Shinx
76%
Poison/Bug Skorupi
76%
Poison/Dark Skuntank
76%
Ghost/Dark Spiritomb
76%
Poison/Dark Stunky
76%
Grass Tangrowth
76%
Fairy/Flying Togekiss
76%
Poison/Fighting Toxicroak
76%
Psychic Uxie
76%
Bug/Varies Wormadam
76%
Rock Bonsly
71%
Psychic Chingling
71%
Ghost Dusknoir
71%
Water Floatzel
71%
Normal Glameow
71%
Water Manaphy
71%
Electric Pachirisu
71%
Water Phione
71%
Normal Regigigas
71%
Fighting Riolu
71%
Bug/Flying Vespiquen
71%
Dark/Ice Weavile
71%
Bug/Flying Yanmega
71%
Normal Happiny
65%
Psychic/Fairy Mime Jr.
65%
Grass Turtwig
65%
Normal Porygon-Z
59%
Rock/Steel Probopass
59%
Grass Shaymin
59%
Water Shellos
59%
No matching quizzes found
Score Distribution
Percent of People with Each Score
Percentile by Number Answered
Your Score History
You have not taken this quiz